00720nam a22001697a 4500003000400000008004100004020001800045100002800063245006400091260003700155300001000192650002500202942001200227999001700239952014700256952014700403OSt250212b |||||||| |||| 00| 0 eng d a9789348140906 aMISHRA, Akhilesh Kumar  aCross Domain Management : Strategies That Work Everywhere  aNew Delhi,bNaples India;c2024. a204p. aFaculty Publication  2ddccBK c13098d13098 00102ddc40708Faculty PublicationaPIETbPIETd2025-02-12eNaples IndiafINRg480.00l0p38649r2025-02-12 00:00:00v480.00w2025-02-04yBK 00102ddc40708Faculty PublicationaPIETbPIETd2025-02-13eNaples IndiafINRg480.00l0p38655r2025-02-13 00:00:00v480.00w2025-02-04yBK